Welcome to CU Library Online Public Access Catalogue (OPAC)

FInance: (Record no. 8619)

MARC details
000 -LEADER
fixed length control field 00394nam a22001337a 4500
005 - DATE AND TIME OF LATEST TRANSACTION
control field 20260122104507.0
008 - FIXED-LENGTH DATA ELEMENTS--GENERAL INFORMATION
fixed length control field 260122b |||||||| |||| 00| 0 eng d
020 ## - INTERNATIONAL STANDARD BOOK NUMBER
International Standard Book Number 9780256153026
050 ## - LIBRARY OF CONGRESS CALL NUMBER
Classification number HG173 .SHE
100 ## - MAIN ENTRY--PERSONAL NAME
Personal name Shetty Anand G.
245 ## - TITLE STATEMENT
Title FInance:
Remainder of title An Integrated Global Approach/
Statement of responsibility, etc. Anand G. Shetty, Francis J. McGrath
260 ## - PUBLICATION, DISTRIBUTION, ETC.
Place of publication, distribution, etc. Boston
Name of publisher, distributor, etc. Austen Press/Irwin
Date of publication, distribution, etc. 1995
942 ## - ADDED ENTRY ELEMENTS (KOHA)
Source of classification or shelving scheme Library of Congress Classification
Koha item type Books
Suppress in OPAC No
999 ## -
-- 8619
-- 8619
Holdings
Withdrawn status Lost status Source of classification or shelving scheme Damaged status Not for loan Collection Home library Current library Shelving location Date acquired Total checkouts Full call number Barcode Date last seen Copy number Price effective from Koha item type
    Library of Congress Classification     Non-fiction Business Library (Miotso) Business Library (Miotso) General stacks 01/22/2026   HG173 .SHE BSSM00002316 01/22/2026 1 01/22/2026 Books
    Library of Congress Classification     Non-fiction Business Library (Miotso) Business Library (Miotso) General stacks 01/22/2026   HG173 .SHE BSSM00002317 01/22/2026 2 01/22/2026 Books
    Library of Congress Classification     Non-fiction Business Library (Miotso) Business Library (Miotso) General stacks 01/22/2026   HG173 .SHE BSSM00002318 01/22/2026 3 01/22/2026 Books
    Library of Congress Classification     Non-fiction Business Library (Miotso) Business Library (Miotso) General stacks 01/22/2026   HG173 .SHE BSSM00002319 01/22/2026 4 01/22/2026 Books
    Library of Congress Classification     Non-fiction Business Library (Miotso) Business Library (Miotso) General stacks 01/22/2026   HG173 .SHE BSSM00002320 01/22/2026 5 01/22/2026 Books
© 2023-2024 Copyright: Central University Libraries. All Rights Reserved | Created by: Mahone Tech Office